Một số phương pháp phân tích hóa lý

Tài liệu phục vụ môn học "Một số phương pháp hân tích hóa lý" và chuyên đề "nghiên cứu phức chất" trong chương trình hóc của sinh viên năm tư ĐH Sư phạm. Nội dung chính gồm 3 phần ; bàn về các vấn đề phân tích điện hóa, p...

Full beskrivning

Sparad:
Bibliografiska uppgifter
Huvudupphovsman: Lê, Thị Vinh
Materialtyp: Bok
Språk:Undetermined
Publicerad: Hồ Chí Minh Trường Đại học Sư phạm TP. Hồ Chí Minh - Khoa Hóa 1995
Ämnen:
Taggar: Lägg till en tagg
Inga taggar, Lägg till första taggen!
Thư viện lưu trữ: Trung tâm Học liệu Trường Đại học Cần Thơ
LEADER 01328nam a2200217Ia 4500
001 CTU_153367
008 210402s9999 xx 000 0 und d
082 |a 543.0858 
082 |b V312 
100 |a Lê, Thị Vinh 
245 0 |a Một số phương pháp phân tích hóa lý 
245 0 |c Biên soạn Lê Thị Vinh ... [et. al] 
260 |a Hồ Chí Minh 
260 |b Trường Đại học Sư phạm TP. Hồ Chí Minh - Khoa Hóa 
260 |c 1995 
520 |a Tài liệu phục vụ môn học "Một số phương pháp hân tích hóa lý" và chuyên đề "nghiên cứu phức chất" trong chương trình hóc của sinh viên năm tư ĐH Sư phạm. Nội dung chính gồm 3 phần ; bàn về các vấn đề phân tích điện hóa, phân tích sắc ký và chiết và phân tích trắc quang và nghiên cứu phức chất bằng phương pháp trắc quang. 
526 |a Hóa phân tích 2,Nghiên cứu phức chất bằng trắc quang 
526 |b TN117,TN326 
650 |a Phân tịch quang phổ,Cấu trúc phân tử,Spectrum analysis,Molecular structures 
904 |i Trọng Hiếu 
980 |a Trung tâm Học liệu Trường Đại học Cần Thơ